Managerial Economics (Record no. 759)

MARC details
000 -LEADER
Fixed length control field 00451nam a2200181 4500
003 - CONTROL NUMBER IDENTIFIER
Control field SEACOMMC
005 - DATE AND TIME OF LATEST TRANSACTION
Control field 20250425112638.0
008 - FIXED-LENGTH DATA ELEMENTS--GENERAL INFORMATION
Fixed length control field 241118b |||||||| |||| 00| 0 eng d
020 ## - INTERNATIONAL STANDARD BOOK NUMBER / ISBN
International Standard Book Number 978-81-7446-691-4
Price Rs.300.00
040 ## - CATALOGING SOURCE
Original cataloging agency SEACOMMC
082 ## - DEWEY DECIMAL CLASSIFICATION NUMBER
Classification number 658.15
Book Number A 881
100 ## - MAIN ENTRY--PERSONAL NAME
Personal name Atmanand
245 1# - TITLE STATEMENT
Title Managerial Economics
Statement of responsibility Atmanand
250 ## - EDITION STATEMENT
Edition statement 2nd rev.ed.
260 ## - IMPRINT
Place of publication New Delhi
Name of publisher Excel Books
Date of publication 2009
650 ## - SUBJECT ADDED ENTRY--TOPICAL TERM
Topical term Economics
942 ## - ADDED ENTRY ELEMENTS (KOHA)
Koha item type Books
Holdings
Withdrawn status Lost status Source of classification Damaged status Not for loan Home library Current library Shelving location Date acquired Total Checkouts Call number Accession number Date last seen Price effective from Koha item type Copy number
    Dewey Decimal Classification     SEACOM MANAGEMENT COLLEGE SEACOM MANAGEMENT COLLEGE Reference 15/11/2007   658.15 A 881 M-902 18/11/2024 18/11/2024 Books  
    Dewey Decimal Classification     SEACOM MANAGEMENT COLLEGE SEACOM MANAGEMENT COLLEGE   16/11/2007   658.15 A 881 M-903 18/11/2024 18/11/2024 Books 1
    Dewey Decimal Classification     SEACOM MANAGEMENT COLLEGE SEACOM MANAGEMENT COLLEGE   16/11/2007   658.15 A 881 M-904 18/11/2024 18/11/2024 Books 2
    Dewey Decimal Classification     SEACOM MANAGEMENT COLLEGE SEACOM MANAGEMENT COLLEGE   16/11/2007   658.15 A 881 M-905 18/11/2024 18/11/2024 Books 3
    Dewey Decimal Classification     SEACOM MANAGEMENT COLLEGE SEACOM MANAGEMENT COLLEGE   16/11/2007   658.15 A 881 M-906 18/11/2024 18/11/2024 Books 4
© Seacom Engineering College, All rights reserved.    Powered by Koha